| 000 | 01183cam a2200361 a 4500 | ||
|---|---|---|---|
| 001 | 17036382 | ||
| 003 | OSt | ||
| 005 | 20140310182903.0 | ||
| 008 | 111106s2011 ph a b 001 0beng | ||
| 010 | _a 2011308478 | ||
| 020 | _a9789712726323 (pbk.) | ||
| 020 | _a9789712726330 (hard) | ||
| 040 |
_aDLC _cDLC _dDLC |
||
| 042 |
_alcode _apcc |
||
| 043 | _aa-ph--- | ||
| 050 | 0 | 0 |
_aDS 686.616 _b.T468 2011 |
| 082 |
_aFIL 959.9058 _b.T468 2011 |
||
| 100 | 1 |
_aThompson, W. Scott _q(Willard Scott), _d1942- |
|
| 245 | 1 | 0 |
_aTrustee of the nation _bthe biography of Fidel V. Ramos _cThompson, W. Scott |
| 260 |
_aManila _bPublished and exclusively distributed by Anvil Pub. _cc2011 |
||
| 300 |
_axxiii, 451 p. _bill. _c23 cm. |
||
| 504 | _aIncludes bibliographical references (p. 425-440) and index. | ||
| 521 | _aCollege | ||
| 526 | _c1210L-1700L | ||
| 541 | _j1 | ||
| 562 | _e1 | ||
| 600 | 1 | 0 |
_aRamos, Fidel V., _d1928- |
| 650 | 0 |
_aPresidents _zPhilippines _vBiography. |
|
| 651 | 0 |
_aPhilippines _xPolitics and government _y1986- |
|
| 906 |
_a7 _bcbc _corigode _d3 _encip _f20 _gy-gencatlg |
||
| 942 |
_2lcc _cBK _kFIL |
||
| 999 |
_c17117 _d17117 |
||